<?xml version="1.0" encoding="UTF-8"?>
<record
    xmlns:xsi="http://www.w3.org/2001/XMLSchema-instance"
    xsi:schemaLocation="http://www.loc.gov/MARC21/slim http://www.loc.gov/standards/marcxml/schema/MARC21slim.xsd"
    xmlns="http://www.loc.gov/MARC21/slim">

  <leader>00637cam a2200205 a 4500</leader>
  <controlfield tag="001">218184</controlfield>
  <controlfield tag="003">OSt</controlfield>
  <controlfield tag="005">20250612092819.0</controlfield>
  <controlfield tag="008">0000002000                                 0000000000spa00</controlfield>
  <datafield tag="020" ind1=" " ind2=" ">
    <subfield code="a">0-8225-9861-2</subfield>
  </datafield>
  <datafield tag="100" ind1=" " ind2=" ">
    <subfield code="a">Savage, Jeff, 1961-</subfield>
    <subfield code="9">88075</subfield>
  </datafield>
  <datafield tag="245" ind1=" " ind2=" ">
    <subfield code="a">Sammy Sosa : h&#xE9;roe de los jonrones</subfield>
    <subfield code="c">Jeff Savage ; traducci&#xF3;n Julia Cisneros Fitzpatrick</subfield>
  </datafield>
  <datafield tag="260" ind1=" " ind2=" ">
    <subfield code="a">Chicago :</subfield>
    <subfield code="b">Lerner Publications</subfield>
  </datafield>
  <datafield tag="300" ind1=" " ind2=" ">
    <subfield code="a">64 p.</subfield>
  </datafield>
  <datafield tag="504" ind1=" " ind2=" ">
    <subfield code="a">Incluye &#xED;ndice</subfield>
  </datafield>
  <datafield tag="600" ind1=" " ind2=" ">
    <subfield code="a">Sosa Sammy 1968-</subfield>
  </datafield>
  <datafield tag="650" ind1=" " ind2=" ">
    <subfield code="a">B&#xE9;isbol</subfield>
    <subfield code="a">Jugadores de beisbol</subfield>
    <subfield code="9">88076</subfield>
  </datafield>
  <datafield tag="700" ind1=" " ind2=" ">
    <subfield code="a">Cisneros Fitzpatrick, Julia, tr</subfield>
    <subfield code="9">88077</subfield>
  </datafield>
  <datafield tag="040" ind1=" " ind2=" ">
    <subfield code="a">DLC</subfield>
    <subfield code="c">DLC</subfield>
  </datafield>
  <datafield tag="999" ind1=" " ind2=" ">
    <subfield code="c">59245</subfield>
    <subfield code="d">59245</subfield>
  </datafield>
</record>
